Klinická elektroencefalografie : Základy klasifikace a interpretace

Salvato in:
Dettagli Bibliografici
Autori principali: Hovorka, Jiří (Autore), Nežádal, Tomáš (Autore), Herman, Erik (Autore), Praško, Ján (Autore)
Natura: Libro
Lingua:ceco
Pubblicazione: Praha : MAXDORF, 2003
Soggetti:
Tags: Aggiungi Tag
Nessun Tag, puoi essere il primo ad aggiungerne!!

MARC

LEADER 00000nam a22000003a 4500
001 stu91079
005 20150617225624.6
008 041019s2003----xr------------------cze-d
020 |a 80-7345-001-1 
040 |a STU  |b slo 
041 0 |a cze 
044 |a xr 
080 |a 621.391.8 
080 |a 577.23 
084 |a A8730E  |2 INS 
084 |a A8770  |2 INS 
084 |a B7510D  |2 INS 
100 1 |a Hovorka, Jiří  |4 aut 
245 1 |a Klinická elektroencefalografie :  |b Základy klasifikace a interpretace 
260 |a Praha :  |b MAXDORF,  |c 2003 
300 |a 289 s 
650 7 |a spracovanie signálov  |2 stusub 
650 7 |a biomedicína  |2 stusub 
650 7 |a biometrické merania  |2 stusub 
650 7 |a neurálne siete  |2 stusub 
700 1 |a Nežádal, Tomáš  |4 aut 
700 1 |a Herman, Erik  |4 aut 
700 1 |a Praško, Ján  |4 aut 
996 |b 284EK85367  |c E*85367  |l EE08  |s P  |a 0  |w stu91079_0001